| 000 | 00624nam a2200241 a 4500 | ||
|---|---|---|---|
| 001 | nice12345678 | ||
| 003 | IN_TiNIC | ||
| 005 | 20260116012417.0 | ||
| 008 | 050524s1988 boma grp 000 0 eng | ||
| 020 |
_a _c100 |
||
| 082 | 0 | 0 |
_a275.4 _bSTO |
| 100 | _aStott, John | ||
| 245 |
_aIssues Facing Christians Today _b Major Appraisalof Contemporary Social & Mor |
||
| 260 |
_aBombay _bGospel Literature Service _c1988 |
||
| 300 | _a340p | ||
| 500 | _aincludes index and biblioraphy | ||
| 505 | 2 | _aindex | |
| 650 | _aChristianity-India | ||
| 700 | 1 | _aStott, John | |
| 902 | _bSRS | ||
| 942 | _cBK | ||
| 999 |
_c6915 _d6915 |
||